Normal view
MARC view
- Rogers, Elizabeth Barlow,
Entry Personal Name
001 - CONTROL NUMBER
- control field: 121113
003 - CONTROL NUMBER IDENTIFIER
- control field: NUST
005 - DATE AND TIME OF LATEST TRANSACTION
- control field: 20240222151846.0
008 - FIXED-LENGTH DATA ELEMENTS
- fixed length control field: 240222|| aca||aabn | a|a d
040 ## - CATALOGING SOURCE
- Original cataloging agency: NUST
- Transcribing agency: NUST
100 ## - HEADING--PERSONAL NAME
- Personal name: Rogers, Elizabeth Barlow,
- Dates associated with a name: 1936-
670 ## - SOURCE DATA FOUND
- Source citation: Work cat.: (NUST): Rogers, Elizabeth Barlow, 1936-, Landscape design :, 2001.
